000 00355nam a22001577a 4500
003 OSt
008 201120b ||||| |||| 00| 0 eng d
100 _aDATT, Gaurav
245 _aIndian Economy
250 _aReprint
260 _aNew Delhi
_bS.Chand
_c2020
300 _a1080
650 _aB.A Economics
700 _aMAHAJAN, Ashwani
942 _2ddc
_cBK
999 _c9306
_d9306